000 00297cam a2200133ua 4500
041 _amal
_h
082 _a301
_bSES/SA
100 _aSeshadri, Ayyer .
245 _aSamudaya sastram /
_cSeshadri Ayyer.
_hTextual Documents
300 _a172 ; .
504 _a
942 _cBK
999 _c7232
_d7232